[Event "Gibraltar Challengers-B"]
[Site "Gibraltar"]
[Date "2009.02.03"]
[Round "3"]
[White "Aagedal, Geir Ole"]
[Black "Homer, Neil S"]
[Result "1-0"]
[WhiteElo "1836"]
[BlackElo "1416"]
[PlyCount "67"]
[EventDate "2009.02.01"]
[EventType "swiss"]
[EventRounds "5"]
[EventCountry "ENG"]
[SourceTitle "EXT 2012"]
[Source "ChessBase"]
[SourceDate "2011.11.24"]
[SourceVersion "1"]
[SourceVersionDate "2011.11.24"]
[SourceQuality "1"]

1. c4 e6 2. d4 d5 3. Nf3 Nf6 4. Bg5 Be7 5. e3 c5 6. Nc3 Nc6 7. Bxf6 Bxf6 8. dxc5 Bxc3+ 9. bxc3 Qa5 10. Qb3 Qxc5 11. cxd5 Qxd5 12. Bc4 Qc5 13. Nd4 0-0 14. Nxc6 Qxc6 15. 0-0 a6 16. Be2 e5 17. Rfd1 Be6 18. Qb4 a5 19. Qb2 Qc7 20. Bf3 Rab8 21. a4 Bd7 22. Bd5 b5 23. axb5 Rxb5 24. Qd2 g6 25. c4 Rb4 26. e4 Rfb8 27. h3 Rb2 28. Qxa5 Qxa5 29. Rxa5 Rb1 30. Rxb1 Rxb1+ 31. Kh2 Be8 32. Ra8 Kf8 33. Bc6 Rb6 34. Rxe8+ 1-0

[Event "Gibraltar Challengers1-B"]
[Site "Gibraltar"]
[Date "2009.01.27"]
[Round "1"]
[White "Aagedal, Geir Ole"]
[Black "Poggio, Freddie"]
[Result "1-0"]
[WhiteElo "1836"]
[BlackElo "1544"]
[PlyCount "100"]
[EventDate "2009.01.27"]
[EventType "swiss"]
[EventRounds "5"]
[EventCountry "ENG"]
[SourceTitle "EXT 2012"]
[Source "ChessBase"]
[SourceDate "2011.11.24"]
[SourceVersion "1"]
[SourceVersionDate "2011.11.24"]
[SourceQuality "1"]

1. c4 Nf6 2. g3 g6 3. Bg2 Bg7 4. Nc3 e6 5. e4 d6 6. d4 Nbd7 7. Nge2 0-0 8. 0-0 c5 9. d5 exd5 10. exd5 Ne5 11. Qb3 a6 12. Bd2 Rb8 13. a4 Bf5 14. Bf4 Nfd7 15. Ne4 Qe7 16. Rfe1 Bxe4 17. Bxe4 f5 18. Bg2 Qf6 19. Bd2 b5 20. axb5 axb5 21. cxb5 c4 22. Qa3 Rxb5 23. Bc3 Rb3 24. Qa7 Qf7 25. Nd4 Rbb8 26. Ne6 Nf6 27. Nxf8 Qxa7 28. Rxa7 Kxf8 29. f4 Ned7 30. Rxd7 Nxd7 31. Bxg7+ Kxg7 32. Re7+ Kg8 33. Rxd7 Rxb2 34. Rc7 Rc2 35. Bf1 c3 36. Bd3 Rc1+ 37. Kf2 h6 38. h3 Kf8 39. g4 Rh1 40. Bf1 fxg4 41. hxg4 c2 42. Rxc2 h5 43. Bg2 Rd1 44. gxh5 gxh5 45. Kg3 Rd4 46. Rf2 Kg7 47. Bf3 Kh6 48. Rh2 Kg6 49. Rxh5 Rd3 50. Kg4 Kf6 1-0

[Event "Gibraltar Masters 7th"]
[Site "Gibraltar"]
[Date "2009.01.27"]
[Round "1"]
[White "Compton, Alistair"]
[Black "Aagedal, Geir Ole"]
[Result "1-0"]
[WhiteElo "2079"]
[BlackElo "1832"]
[PlyCount "43"]
[EventDate "2009.01.27"]
[EventType "swiss"]
[EventRounds "10"]
[EventCountry "ENG"]
[SourceTitle "CBM 128 Extra"]
[Source "ChessBase"]
[SourceDate "2009.03.05"]
[SourceVersion "2"]
[SourceVersionDate "2009.03.25"]
[SourceQuality "1"]

1. e4 c6 2. d4 d5 3. exd5 cxd5 4. c4 Nf6 5. Nc3 e6 6. Nf3 Nc6 7. c5 Ne4 8. Bb5 Nxc3 9. bxc3 Bd7 10. Bxc6 Bxc6 11. Ne5 Be7 12. 0-0 0-0 13. Re1 Rb8 14. Bf4 Rc8 15. Qg4 Be8 16. Re3 f5 17. Qh3 g5 18. Rg3 Kh8 19. Qh6 g4 20. Nxg4 fxg4 21. Be5+ Rf6 22. Bxf6+ 1-0

[Event "Gibraltar Masters 6th"]
[Site "Gibraltar"]
[Date "2008.01.29"]
[Round "8"]
[White "Hughes, Roy"]
[Black "Aagedal, Geir Ole"]
[Result "1-0"]
[WhiteElo "2051"]
[BlackElo "1839"]
[PlyCount "79"]
[EventDate "2008.01.22"]
[EventType "swiss"]
[EventRounds "10"]
[EventCountry "ENG"]
[SourceTitle "CBM 122 Extra"]
[Source "ChessBase"]
[SourceDate "2008.03.04"]
[SourceVersion "1"]
[SourceVersionDate "2008.03.04"]
[SourceQuality "1"]

1. e4 c5 2. Nc3 Nc6 3. f4 d6 4. Nf3 g6 5. Bb5 Bg7 6. 0-0 Bg4 7. d3 Nf6 8. Bxc6+ bxc6 9. h3 Bd7 10. Ne2 0-0 11. c4 Qb6 12. Nc3 a5 13. Na4 Qc7 14. Be3 Rfb8 15. Rb1 Rb4 16. b3 Rb7 17. Qe1 Ne8 18. Qh4 e6 19. Rbe1 Rb4 20. Bd2 Rb7 21. g4 Bd4+ 22. Kg2 Ng7 23. Ng5 h5 24. Nf3 Be8 25. f5 Qe7 26. Qxe7 Rxe7 27. Nxd4 cxd4 28. f6 Rb7 29. fxg7 hxg4 30. hxg4 c5 31. Bg5 f5 32. exf5 exf5 33. gxf5 gxf5 34. Re7 Rab8 35. Rxf5 Bxa4 36. bxa4 Rxe7 37. Bxe7 Kxg7 38. Bxd6 Re8 39. Bxc5 Re3 40. Bxd4+ 1-0

[Event "Gibraltar Amateurs op-A"]
[Site "Gibraltar"]
[Date "2008.01.24"]
[Round "3"]
[White "Hughes, Peter"]
[Black "Aagedal, Geir Ole"]
[Result "0-1"]
[WhiteElo "1749"]
[BlackElo "1832"]
[PlyCount "62"]
[EventDate "2008.01.22"]
[EventType "tourn"]
[EventRounds "5"]
[EventCountry "ENG"]
[SourceTitle "EXT 2010"]
[Source "ChessBase"]
[SourceDate "2010.11.25"]
[SourceVersion "1"]
[SourceVersionDate "2010.11.25"]
[SourceQuality "1"]

1. d4 Nf6 2. c4 e6 3. Nf3 d5 4. g3 Be7 5. Bg2 0-0 6. 0-0 Nbd7 7. Qc2 h6 8. Rd1 Re8 9. b3 c6 10. Bb2 b6 11. Nbd2 Bb7 12. Rac1 Rc8 13. Ne5 Bd6 14. e4 dxe4 15. Nxd7 Qxd7 16. c5 Bf8 17. Nxe4 Nd5 18. cxb6 axb6 19. Qe2 Ra8 20. a4 Bb4 21. Qh5 Ra5 22. Qe2 Qe7 23. Nc3 Rc8 24. Nxd5 cxd5 25. Rxc8+ Bxc8 26. Qc2 Ba6 27. Rc1 b5 28. axb5 Bxb5 29. Qc8+ Kh7 30. Qc2+ g6 31. Ra1 Qa7 0-1

[Event "Gibraltar Masters 6th"]
[Site "Gibraltar"]
[Date "2008.01.23"]
[Round "2"]
[White "Rasch, Holger"]
[Black "Aagedal, Geir Ole"]
[Result "1-0"]
[WhiteElo "2263"]
[BlackElo "1839"]
[PlyCount "74"]
[EventDate "2008.01.22"]
[EventType "swiss"]
[EventRounds "10"]
[EventCountry "ENG"]
[SourceTitle "CBM 122 Extra"]
[Source "ChessBase"]
[SourceDate "2008.03.04"]
[SourceVersion "1"]
[SourceVersionDate "2008.03.04"]
[SourceQuality "1"]

1. e4 c5 2. c3 g6 3. d4 cxd4 4. cxd4 d6 5. Nc3 Bg7 6. Be3 Nf6 7. f3 0-0 8. Bd3 Nc6 9. Nge2 Bd7 10. 0-0 a6 11. Qd2 Re8 12. Rac1 Rc8 13. g4 b5 14. b3 Qa5 15. h3 h5 16. Kg2 Kh7 17. Bb1 e6 18. Ng3 e5 19. dxe5 Nxe5 20. f4 hxg4 21. fxe5 gxh3+ 22. Kh1 dxe5 23. Nd5 Qxd2 24. Nxf6+ Bxf6 25. Bxd2 Kg7 26. Rxc8 Rxc8 27. Rc1 Rh8 28. Kh2 Bh4 29. Rg1 Kf6 30. b4 Be6 31. Bc3 Bg5 32. Rf1+ Bf4 33. Rxf4+ Kg5 34. Rf2 f6 35. Bd2+ Kg4 36. Rxf6 Bc4 37. Rxg6+ Kf3 1-0

[Event "Gibraltar Amateurs op-A"]
[Site "Gibraltar"]
[Date "2008.01.22"]
[Round "1"]
[White "Haddock, Paul"]
[Black "Aagedal, Geir Ole"]
[Result "1/2-1/2"]
[WhiteElo "1456"]
[BlackElo "1832"]
[PlyCount "72"]
[EventDate "2008.01.22"]
[EventType "tourn"]
[EventRounds "5"]
[EventCountry "ENG"]
[SourceTitle "EXT 2010"]
[Source "ChessBase"]
[SourceDate "2010.11.25"]
[SourceVersion "1"]
[SourceVersionDate "2010.11.25"]
[SourceQuality "1"]

1. e4 c5 2. Nf3 g6 3. d4 cxd4 4. Nxd4 Nc6 5. Nc3 Bg7 6. Be3 Nf6 7. Bc4 0-0 8. Qd2 Ng4 9. Nxc6 bxc6 10. Bd4 Bxd4 11. Qxd4 Qc7 12. h4 h5 13. f3 Qg3+ 14. Kf1 Qf4 15. Re1 e5 16. Qd3 Kg7 17. Kg1 Nh6 18. Ne2 Qf6 19. Rd1 d5 20. exd5 cxd5 21. Qxd5 Be6 22. Qe4 Rad8 23. Rxd8 Rxd8 24. Bxe6 Qxe6 25. Nc3 Nf5 26. Kh2 Rd4 27. Qb7 a5 28. Rd1 Rxh4+ 29. Kg1 Rd4 30. Rxd4 exd4 31. Ne4 Qxa2 32. Qb6 Qe6 33. Qxa5 h4 34. Qc5 Qe7 35. Qxe7 Nxe7 36. Kf2 f5 1/2-1/2

[Event "NOR-ch qual-A"]
[Site "Oslo"]
[Date "2007.04.03"]
[Round "5"]
[White "Aagedal, Geir Ole"]
[Black "Undheim, Bjarne"]
[Result "0-1"]
[WhiteElo "1572"]
[BlackElo "1528"]
[PlyCount "104"]
[EventDate "2007.04.01"]
[EventType "swiss"]
[EventRounds "7"]
[EventCountry "NOR"]
[SourceTitle "EXT 2008"]
[Source "ChessBase"]
[SourceDate "2007.11.25"]
[SourceVersion "1"]
[SourceVersionDate "2007.11.25"]
[SourceQuality "1"]

1. d4 d5 2. Nf3 Nf6 3. c4 c6 4. Nc3 e6 5. Bg5 dxc4 6. e4 b5 7. Be2 Qa5 8. Bxf6 gxf6 9. 0-0 Nd7 10. Nd2 Qc7 11. d5 Bb7 12. dxe6 fxe6 13. Bh5+ Ke7 14. a4 a6 15. Ne2 Bh6 16. b3 Ne5 17. Qc2 Rad8 18. Rad1 Qa5 19. Nf3 Nxf3+ 20. Bxf3 Rd2 21. Qb1 c3 22. Rxd2 Bxd2 23. e5 f5 24. Nd4 Qc7 25. Nxf5+ exf5 26. Qxf5 Rf8 27. Qxh7+ Kd8 28. Qh4+ Qe7 29. Qd4+ Kc7 30. axb5 axb5 31. Qe4 Rf4 32. Qe2 Qe6 33. Ra1 Rf5 34. Be4 Rxe5 35. f3 Qxb3 36. g3 Qb4 37. Qd3 Qc5+ 38. Kg2 Qe3 39. Qc2 Rh5 40. h4 Qe2+ 41. Kh1 Rh8 42. Qa2 Ra8 43. Qf7+ Kb6 44. Rxa8 Bxa8 45. Qe8 Bb7 46. Qd8+ Ka6 47. Qf6 Qf1+ 48. Kh2 Be3 49. Qe6 Bg1+ 50. Kh1 Bf2+ 51. Kh2 Qg1+ 52. Kh3 Qxg3# 0-1